[Event "Olimpiade 2014 - Open"]
[Site "Tromsø"]
[Date "11.08.2014"]
[Round "9.31"]
[Board "1"]
[White "Ragger, Markus"]
[Black "Bologan, Viktor"]
[Result "1-0"]
[WhiteTitle "GM"]
[BlackTitle "GM"]
[WhiteElo "2644"]
[BlackElo "2654"]
[WhiteTeam "Austria"]
[BlackTeam "Moldova"]
[WhiteFideId "1610856"]
[BlackFideId "13900048"]
[EventDate "2014.08.02"]

1. d4 Nf6 2. c4 c5 3. d5 b5 4. cxb5 a6 5. bxa6 g6 6. Nc3 Bg7 7. e4 O-O 8. Nf3
Qa5 9. Bd2 Bxa6 10. Be2 d6 11. O-O Bxe2 12. Qxe2 Qa6 13. Rfe1 Nbd7 14. Nb5 Nxe4
15. Qxe4 Qxb5 16. Qxe7 Nb6 17. Qxd6 Nc4 18. Qc6 Qxc6 19. dxc6 Bxb2 20. Rab1 Rfc8
21. Bf4 Rxc6 22. Re4 Bd4 23. Rc1 Na5 24. Nxd4 cxd4 25. Rxd4 f6 26. h4 Rxc1+ 27.
Bxc1 Nc6 28. Rd6 Ne5 29. a3 Rb8 30. Bf4 Ra8 31. Rxf6 Ng4 32. Rd6 Rxa3 33. Kf1
Ra1+ 34. Ke2 Ra2+ 35. Kf3 Nxf2 36. Be3 Ng4 37. Kxg4 Rxg2+ 38. Kf4 Ra2 39. Rd8+
Kf7 40. Rd7+ 1-0

[Event "Olimpiade 2014 - Open"]
[Site "Tromsø"]
[Date "11.08.2014"]
[Round "9.31"]
[Board "2"]
[White "Svetushkin, Dmitry"]
[Black "Shengelia, David"]
[Result "1-0"]
[WhiteTitle "GM"]
[BlackTitle "GM"]
[WhiteElo "2547"]
[BlackElo "2556"]
[WhiteTeam "Moldova"]
[BlackTeam "Austria"]
[WhiteFideId "13900463"]
[BlackFideId "13601270"]
[EventDate "2014.08.02"]

1. e4 c6 2. d4 d5 3. e5 Bf5 4. Nf3 e6 5. Be2 Ne7 6. O-O h6 7. Nbd2 Nd7 8. Nb3
Qc7 9. a4 g5 10. a5 Bg7 11. Ne1 c5 12. c3 c4 13. Nd2 Nc6 14. b3 Nxa5 15. bxc4
Nxc4 16. Nxc4 dxc4 17. Ba3 Bf8 18. Bxf8 Kxf8 19. Nc2 Nb6 20. Ne3 Be4 21. f4 Nd5
22. Nxd5 Bxd5 23. Bh5 gxf4 24. Bf3 Qc6 25. Bxd5 Qxd5 26. Rxf4 Rg8 27. Ra2 Rg5
28. Raf2 f5 29. exf6 Kf7 30. Qb1 Rg6 31. Rg4 1-0

[Event "Olimpiade 2014 - Open"]
[Site "Tromsø"]
[Date "11.08.2014"]
[Round "9.31"]
[Board "3"]
[White "Schreiner, Peter"]
[Black "Hamitevici, Vladimir"]
[Result "0-1"]
[WhiteTitle "IM"]
[BlackTitle "IM"]
[WhiteElo "2460"]
[BlackElo "2467"]
[WhiteTeam "Austria"]
[BlackTeam "Moldova"]
[WhiteFideId "1621645"]
[BlackFideId "13902393"]
[EventDate "2014.08.02"]

1. d4 Nf6 2. c4 e6 3. Nf3 Bb4+ 4. Nbd2 O-O 5. a3 Be7 6. e4 d5 7. e5 Nfd7 8. Bd3
c5 9. Qc2 g6 10. h4 cxd4 11. cxd5 exd5 12. h5 Nc5 13. hxg6 Nxd3+ 14. Qxd3 fxg6
15. Nxd4 Bf5 16. Qb3 Na6 17. O-O Nc5 18. Qe3 Qb6 19. N2f3 Be4 20. b4 Nd3 21. Nd2
Rad8 22. N2b3 Nxe5 23. Nc5 Nc4 24. Qc3 Bf6 25. Bg5 Rf7 26. Bxf6 Qxf6 27. Rad1
Bf5 28. a4 b6 29. Ncb3 Bg4 30. Rde1 Rdf8 31. Qg3 Bd7 32. Qd3 Qh4 33. f3 Qg3 34.
Ne6 Rxf3 35. Qxd5 Rxf1+ 36. Rxf1 Rxf1+ 37. Kxf1 Ne3+ 0-1

[Event "Olimpiade 2014 - Open"]
[Site "Tromsø"]
[Date "11.08.2014"]
[Round "9.31"]
[Board "4"]
[White "Sanduleac, Vasile"]
[Black "Diermair, Andreas"]
[Result "1/2-1/2"]
[WhiteTitle "GM"]
[BlackTitle "IM"]
[WhiteElo "2396"]
[BlackElo "2447"]
[WhiteTeam "Moldova"]
[BlackTeam "Austria"]
[WhiteFideId "13900161"]
[BlackFideId "1612468"]
[EventDate "2014.08.02"]

1. e4 e5 2. Nf3 Nc6 3. Bc4 Bc5 4. c3 Nf6 5. d3 O-O 6. Nbd2 a6 7. Bb3 d6 8. O-O
Ba7 9. Nc4 h6 10. Qe2 Re8 11. Be3 Be6 12. Bxa7 Rxa7 13. Rad1 Ra8 14. Rfe1 Qe7
15. Ne3 Bxb3 16. axb3 Qe6 17. b4 Ne7 18. Qc2 c6 19. Nc4 Ng6 20. Ne3 a5 21. bxa5
Rxa5 22. Ra1 Rea8 23. Rxa5 Rxa5 24. Nd2 d5 25. Nb3 Ra8 26. Nc5 Qe7 27. b4 b6 28.
Nb3 Qe6 29. Nf5 dxe4 30. dxe4 Nxe4 31. Qxe4 Qxb3 32. Qxc6 Ra3 33. Qxb6 Qxc3 34.
Rf1 Rb3 35. Qd8+ Kh7 36. Qd7 Qc4 37. Ne3 Qe6 38. Qa4 Nf4 39. Qa2 Rxb4 40. Qc2+
g6 41. Re1 e4 42. Qc3 Rb3 43. Qd2 Nd3 44. Rf1 Qb6 45. Qa2 Qb7 46. Nc4 Nc5 47.
Rc1 Qe7 48. Ne3 Nd3 49. Qxb3 Nxc1 50. Qc4 Nd3 51. h3 Kg7 52. f3 f5 53. Qd4+ Kf7
54. fxe4 fxe4 55. Qd5+ Kg7 56. Qd4+ Qe5 57. Qd7+ Kf8 58. Qd8+ Kg7 59. Qd7+ Kf8
60. Qd8+ Kf7 61. Qd7+ Qe7 62. Qd5+ Kg7 63. Qd4+ Kh7 64. Nd5 Qc5 65. Qxc5 Nxc5
66. Kf2 1/2-1/2

[Event "Olimpiade 2014 - Open"]
[Site "Tromsø"]
[Date "11.08.2014"]
[Round "9.32"]
[Board "1"]
[White "Gonzalez Zamora, Juan Carlos"]
[Black "Matamoros Franco, Carlos S."]
[Result "1/2-1/2"]
[WhiteTitle "GM"]
[BlackTitle "GM"]
[WhiteElo "2544"]
[BlackElo "2525"]
[WhiteTeam "Mexico"]
[BlackTeam "Ecuador"]
[WhiteFideId "3507548"]
[BlackFideId "3600017"]
[EventDate "2014.08.02"]

1. d4 e6 2. Nf3 Nf6 3. e3 d5 4. Bd3 c5 5. b3 Nc6 6. O-O Bd6 7. Bb2 O-O 8. c4
cxd4 9. exd4 b6 10. Nbd2 Bb7 11. a3 Rc8 12. Qe2 Re8 13. Ne5 Bf8 14. Ndf3 Rc7 15.
Rad1 Na5 16. Nd2 Nc6 17. Qe3 g6 18. f4 dxc4 19. bxc4 Bg7 20. Ndf3 Na5 21. Ng5
Ree7 22. Qh3 h6 23. Ngxf7 Rxf7 24. d5 exd5 25. Nxf7 Rxf7 26. cxd5 Bc8 27. Qg3
Bf5 28. Be5 Kh7 29. Kh1 Nb7 30. d6 Nc5 31. Bc4 Rf8 32. h3 Qd7 33. Kh2 h5 34.
Rfe1 Nfe4 35. Qh4 Re8 36. g4 Rxe5 37. gxf5 Bf6 38. Qxf6 Nxf6 39. fxe5 Nfe4 40.
Rf1 Qa4 41. fxg6+ Kh6 42. Rg1 Kg7 43. Rdf1 Qxc4 44. Rf7+ Kg8 45. Re7 Nxd6 46.
exd6 Qf4+ 47. Kh1 Qxd6 48. Rge1 Nd3 49. Re8+ Kg7 50. R1e7+ Kf6 51. g7 Qd5+ 52.
Kh2 Qd6+ 53. Kh1 Qc6+ 54. Kh2 Qc2+ 55. Kg1 Qf2+ 56. Kh1 Qf3+ 57. Kh2 Qf4+ 58.
Kh1 Qf3+ 59. Kh2 Qf4+ 60. Kh1 Qc1+ 61. Kh2 Qf4+ 62. Kh1 Qg3 63. Re6+ Kxg7 64.
R8e7+ Kf8 65. Re8+ 1/2-1/2

[Event "Olimpiade 2014 - Open"]
[Site "Tromsø"]
[Date "11.08.2014"]
[Round "9.32"]
[Board "2"]
[White "Munoz Sanchez, Miguel"]
[Black "Leon Hoyos, Manuel"]
[Result "0-1"]
[WhiteTitle "IM"]
[BlackTitle "GM"]
[WhiteElo "2296"]
[BlackElo "2517"]
[WhiteTeam "Ecuador"]
[BlackTeam "Mexico"]
[WhiteFideId "3600734"]
[BlackFideId "5105269"]
[EventDate "2014.08.02"]

1. d4 Nf6 2. c4 c5 3. d5 e6 4. Nc3 exd5 5. cxd5 d6 6. e4 g6 7. h3 Bg7 8. Nf3 a6
9. a4 Nbd7 10. Bd3 Nh5 11. g4 Nhf6 12. Bf4 Qe7 13. O-O O-O 14. Nd2 h5 15. Nc4
Ne5 16. Nxe5 dxe5 17. Bg5 hxg4 18. hxg4 b6 19. Kg2 Qd6 20. f3 Bd7 21. Rh1 Nh7
22. Be3 f5 23. Be2 Rf7 24. Qd2 Raf8 25. Rh2 f4 26. Bf2 Bxg4 27. Bxa6 Bd7 28. Bb5
Bc8 29. Bc4 g5 30. Nb5 Qg6 31. d6 Bd7 32. Nc3 g4 33. Bxf7+ Rxf7 34. Bh4 Bf6 35.
Rg1 Kg7 36. Kf1 g3 37. Nd5 Bxh4 38. Rxh4 Qxd6 39. Qc3 Ng5 40. Rh5 Bh3+ 41. Ke2
Kg6 42. Rh8 Kg7 43. Re8 Ne6 44. Qe1 Nd4+ 45. Kd3 Qg6 46. Rxe5 Nxf3 47. Qc3 Nd4
48. b4 g2 49. bxc5 bxc5 50. Qxc5 Nf3 51. Nc7 Nxe5+ 52. Qxe5+ Kh7 53. Nd5 f3 54.
Nf4 Qh6 55. Qc5 Qxf4 56. Qh5+ Kg7 57. Qxh3 Qd6+ 58. Ke3 Qb6+ 59. Kd3 Qa6+ 60.
Kd4 Qxa4+ 61. Kd3 Qa6+ 62. Kd4 Qa7+ 63. Kd3 Rd7+ 0-1

[Event "Olimpiade 2014 - Open"]
[Site "Tromsø"]
[Date "11.08.2014"]
[Round "9.32"]
[Board "3"]
[White "Hernandez Guerrero, Gilberto"]
[Black "Guerra Tulcan, Lenin"]
[Result "1-0"]
[WhiteTitle "GM"]
[BlackTitle "FM"]
[WhiteElo "2519"]
[BlackElo "2374"]
[WhiteTeam "Mexico"]
[BlackTeam "Ecuador"]
[WhiteFideId "5100011"]
[BlackFideId "3601382"]
[EventDate "2014.08.02"]

1. e4 c5 2. Nf3 e6 3. d4 cxd4 4. Nxd4 a6 5. Bd3 Nf6 6. O-O Qc7 7. Qe2 Nc6 8.
Nxc6 dxc6 9. e5 Nd7 10. Bf4 Nc5 11. Nd2 Nxd3 12. Qxd3 c5 13. Ne4 Bd7 14. Qc3
O-O-O 15. Bg5 Re8 16. Rad1 b6 17. Nd6+ Bxd6 18. Rxd6 Bc6 19. b4 Bb5 20. Rfd1
cxb4 21. Qxb4 Qc5 22. Qe4 Qc7 23. a4 1-0

[Event "Olimpiade 2014 - Open"]
[Site "Tromsø"]
[Date "11.08.2014"]
[Round "9.32"]
[Board "4"]
[White "Santos Flores, Alberto"]
[Black "Ibarra Chami, Luis Fernando"]
[Result "0-1"]
[WhiteTitle "IM"]
[BlackTitle "IM"]
[WhiteElo "2291"]
[BlackElo "2467"]
[WhiteTeam "Ecuador"]
[BlackTeam "Mexico"]
[WhiteFideId "3601234"]
[BlackFideId "5105048"]
[EventDate "2014.08.02"]

1. e4 c5 2. Nf3 d6 3. d4 cxd4 4. Nxd4 Nf6 5. Nc3 g6 6. Be3 Bg7 7. f3 a6 8. Qd2
b5 9. O-O-O Nbd7 10. g4 Bb7 11. h4 h5 12. g5 Nh7 13. Nd5 O-O 14. Kb1 Rc8 15. Be2
e6 16. Nc3 b4 17. Na4 Qa5 18. b3 Rfd8 19. Bd3 Nc5 20. Nb2 d5 21. exd5 Bxd5 22.
Qf2 Nf8 23. Bc4 Na4 24. Nxa4 Bxc4 25. Ne2 Bxe2 26. Qxe2 Qe5 27. c3 bxc3 28. Kc2
Rd2+ 29. Rxd2 cxd2+ 30. Kxd2 Rd8+ 31. Kc2 Qf5+ 32. Kc1 Rc8+ 33. Nc5 Qe5 34. Re1
Qc3+ 35. Kb1 Qa1+ 36. Kc2 Qb2+ 37. Kd1 Rd8+ 0-1

[Event "Olimpiade 2014 - Open"]
[Site "Tromsø"]
[Date "11.08.2014"]
[Round "9.33"]
[Board "1"]
[White "Amin, Bassem"]
[Black "Guevara, Carlos"]
[Result "1-0"]
[WhiteTitle "GM"]
[WhiteElo "2627"]
[BlackElo "2218"]
[WhiteTeam "Egypt"]
[BlackTeam "Nicaragua"]
[WhiteFideId "10601457"]
[BlackFideId "6100252"]
[EventDate "2014.08.02"]

1. Nf3 d5 2. g3 Nf6 3. Bg2 c6 4. c4 e6 5. b3 Nbd7 6. Bb2 Bd6 7. O-O O-O 8. d3
Qe7 9. a3 Re8 10. Nc3 Nf8 11. b4 e5 12. cxd5 cxd5 13. Nd2 Be6 14. e4 d4 15. Nd5
Nxd5 16. exd5 Bf5 17. Nc4 Bg6 18. Re1 Qd7 19. a4 h6 20. b5 Nh7 21. Nxd6 Qxd6 22.
Ba3 Qd7 23. d6 Rac8 24. Qf3 Ng5 25. Qd5 Bxd3 26. h4 Ne6 27. Qxb7 Qxb7 28. Bxb7
Rb8 29. Bc6 Red8 30. Rxe5 Bc2 31. d7 d3 32. Be7 d2 33. Bxd8 Rxd8 34. Rd5 d1=Q+
35. Rdxd1 Bxd1 36. Rxd1 Kf8 37. a5 Ke7 38. b6 axb6 39. a6 1-0

[Event "Olimpiade 2014 - Open"]
[Site "Tromsø"]
[Date "11.08.2014"]
[Round "9.33"]
[Board "2"]
[White "Garcia, Ricardo NCA"]
[Black "Shoker, Samy"]
[Result "1-0"]
[WhiteTitle "FM"]
[BlackTitle "IM"]
[WhiteElo "2215"]
[BlackElo "2487"]
[WhiteTeam "Nicaragua"]
[BlackTeam "Egypt"]
[WhiteFideId "6104347"]
[BlackFideId "627143"]
[EventDate "2014.08.02"]

1. Nf3 g6 2. d4 Bg7 3. c4 Nf6 4. Nc3 O-O 5. e4 d6 6. Be2 Na6 7. O-O e5 8. Be3
Ng4 9. Bg5 Qe8 10. h3 h6 11. Bh4 exd4 12. Nd5 g5 13. hxg4 gxh4 14. Nxh4 c6 15.
Nf4 Qxe4 16. Nh5 d3 17. Bxd3 Qxg4 18. Nxg7 Kxg7 19. g3 Be6 20. Be2 Qe4 21. Re1
Rad8 22. b3 Qe5 23. Bg4 Qf6 24. Bxe6 fxe6 25. Qg4+ Kf7 26. Qh5+ Ke7 27. Ng6+ Kd7
28. Nxf8+ Rxf8 29. Qe2 e5 30. Rad1 Kc7 31. Rd2 Nc5 32. Red1 Rd8 33. Qe3 a5 34.
a3 Qg5 35. Qxg5 hxg5 36. b4 Ne4 37. Rd3 g4 38. Kg2 Ng5 39. Rh1 e4 40. Rd4 axb4
41. axb4 b5 42. cxb5 d5 43. Rc1 Rd6 44. Rxc6+ Rxc6 45. bxc6 Kxc6 46. b5+ 1-0

[Event "Olimpiade 2014 - Open"]
[Site "Tromsø"]
[Date "11.08.2014"]
[Round "9.33"]
[Board "3"]
[White "Ezat, Mohamed"]
[Black "Madrigal, Mariano"]
[Result "1-0"]
[WhiteTitle "IM"]
[BlackTitle "IM"]
[WhiteElo "2466"]
[BlackElo "2156"]
[WhiteTeam "Egypt"]
[BlackTeam "Nicaragua"]
[WhiteFideId "10600906"]
[BlackFideId "6100961"]
[EventDate "2014.08.02"]

1. d4 Nf6 2. c4 g6 3. Nc3 d5 4. Bf4 Bg7 5. e3 c5 6. dxc5 Qa5 7. Rc1 dxc4 8. Bxc4
O-O 9. Nf3 Qxc5 10. Nb5 Qb4+ 11. Kf1 Na6 12. a3 Qa5 13. b4 Qd8 14. Ke2 Qxd1+ 15.
Rhxd1 h6 16. Ne5 Bf5 17. h3 g5 18. Bh2 Bh7 19. Bb3 e6 20. Nd6 Ne4 21. Nxb7 Rac8
22. Bc4 Nc7 23. f3 Rb8 24. Na5 Nf6 25. Nec6 1-0

[Event "Olimpiade 2014 - Open"]
[Site "Tromsø"]
[Date "11.08.2014"]
[Round "9.33"]
[Board "4"]
[White "Medrano, Randall"]
[Black "Adly, Ahmed"]
[Result "0-1"]
[WhiteTitle "FM"]
[BlackTitle "GM"]
[WhiteElo "2116"]
[BlackElo "2589"]
[WhiteTeam "Nicaragua"]
[BlackTeam "Egypt"]
[WhiteFideId "6100970"]
[BlackFideId "10601619"]
[EventDate "2014.08.02"]

1. e4 c6 2. Nc3 d5 3. Nf3 dxe4 4. Nxe4 Nd7 5. d4 Ndf6 6. Nxf6+ Nxf6 7. Bc4 Bf5
8. O-O e6 9. h3 Bd6 10. Qe2 h6 11. Rd1 Qc7 12. Bd3 O-O-O 13. Ne5 Bxe5 14. dxe5
Bxd3 15. cxd3 Nd5 16. Bd2 g5 17. Rac1 Kb8 18. b4 Qb6 19. Rc4 Qa6 20. Be3 b5 21.
Rcc1 Nxb4 22. Bc5 Nd5 23. a4 b4 24. Qf3 Rd7 25. Ra1 Ka8 26. d4 h5 27. a5 g4 28.
hxg4 hxg4 29. Qxg4 Nc3 30. Rd2 f5 31. Qf3 Rdh7 32. g3 Ne4 33. Bxb4 Ng5 0-1

[Event "Olimpiade 2014 - Open"]
[Site "Tromsø"]
[Date "11.08.2014"]
[Round "9.34"]
[Board "1"]
[White "Smerdon, David"]
[Black "Dias, Paulo"]
[Result "0-1"]
[WhiteTitle "GM"]
[BlackTitle "IM"]
[WhiteElo "2513"]
[BlackElo "2416"]
[WhiteTeam "Australia"]
[BlackTeam "Portugal"]
[WhiteFideId "3202305"]
[BlackFideId "1900803"]
[EventDate "2014.08.02"]

1. e4 e5 2. Nf3 Nc6 3. d4 exd4 4. Nxd4 Nf6 5. Nxc6 bxc6 6. e5 Qe7 7. Qe2 Nd5 8.
c4 Ba6 9. b3 g6 10. g3 Bg7 11. Bb2 O-O 12. Bg2 Rae8 13. O-O Bxe5 14. Qxe5 Qxe5
15. Bxe5 Rxe5 16. cxd5 Bxf1 17. Kxf1 cxd5 18. Nc3 c6 19. Rd1 Rfe8 20. Bf3 Kf8
21. Ne2 Ke7 22. Rd4 Kd6 23. Ra4 Rb8 24. Rxa7 Ree8 25. Nc3 Ra8 26. Rxa8 Rxa8 27.
Na4 f5 28. Ke2 g5 29. h3 Rg8 30. Nc3 g4 31. hxg4 fxg4 32. Bg2 Kc5 33. Kd2 Rf8
34. Nd1 Kb4 35. Bf1 Ra8 36. Nc3 d4 37. Na4 Rf8 38. Ke1 Ka3 39. Bd3 Rf7 40. Bb1
h6 41. Nc5 Kb2 42. Bg6 Re7+ 43. Kd2 Kxa2 44. b4 d6 45. Nd3 Rc7 46. Bf5 c5 47.
bxc5 dxc5 48. Ne5 Re7 49. Nc6 Rg7 50. Ne5 h5 51. Kd3 Rg5 52. Be6+ Kb2 53. Nc4+
Kc1 54. Nd2 Re5 55. Bd7 Kd1 56. Bc6 Ke1 57. Ne4 Kf1 58. Kc4 Rxe4 59. Bxe4 Kxf2
60. Kxc5 Ke3 61. Kd5 d3 62. Ke5 d2 63. Bc2 h4 0-1

[Event "Olimpiade 2014 - Open"]
[Site "Tromsø"]
[Date "11.08.2014"]
[Round "9.34"]
[Board "2"]
[White "Ferreira, Jorge Viterbo"]
[Black "Illingworth, Max"]
[Result "0-1"]
[WhiteTitle "IM"]
[BlackTitle "IM"]
[WhiteElo "2413"]
[BlackElo "2439"]
[WhiteTeam "Portugal"]
[BlackTeam "Australia"]
[WhiteFideId "1910850"]
[BlackFideId "3205207"]
[EventDate "2014.08.02"]

1. d4 d5 2. Bf4 Nf6 3. e3 c5 4. Nc3 cxd4 5. exd4 a6 6. Nf3 Bg4 7. h3 Bxf3 8.
Qxf3 e6 9. O-O-O Bd6 10. Bxd6 Qxd6 11. g4 Nc6 12. g5 Nd7 13. h4 Ne7 14. h5 O-O-O
15. Bh3 Rhf8 16. Ne2 Nb6 17. Qf4 Nc4 18. Qxd6 Nxd6 19. Ng3 b5 20. f4 Kb7 21.
Rhf1 g6 22. Nh1 gxh5 23. Nf2 h4 24. Ng4 Ndf5 25. Rf3 Kc7 26. Rc3+ Kd6 27. Ne5
Ng3 28. Re1 b4 29. Rc5 Ne4 30. Ra5 Ra8 31. Bg2 Ng3 32. Bh3 Nef5 33. c3 bxc3 34.
bxc3 Ra7 35. Kc2 Rc8 36. Bxf5 Nxf5 37. Kd3 Ke7 38. Rb1 h6 39. Rc5 Rxc5 40. dxc5
Rc7 41. c4 dxc4+ 42. Kxc4 hxg5 43. fxg5 Nd6+ 44. Kd4 Nb5+ 45. Ke3 Rxc5 46. Nf3
Nd6 47. Rb4 h3 48. Kf4 Rc2 49. Kg3 Rxa2 50. Kxh3 Ra5 51. Rb6 Kd7 52. Rb8 Kc7 53.
Ra8 Kb7 54. Rd8 Rd5 55. Kg4 a5 56. Kf4 a4 57. Ne5 Nc4 58. Rxd5 exd5 59. Nd3 Kb6
60. Kf5 a3 61. Nc1 Kb5 62. Kf6 Nd6 63. Ke5 Kc4 64. Kxd6 d4 65. Ke7 d3 66. Nxd3
Kxd3 67. Kxf7 a2 68. g6 a1=Q 69. g7 Qf1+ 0-1

[Event "Olimpiade 2014 - Open"]
[Site "Tromsø"]
[Date "11.08.2014"]
[Round "9.34"]
[Board "3"]
[White "Ikeda, Junta"]
[Black "Rocha, Sergio"]
[Result "1-0"]
[WhiteTitle "FM"]
[BlackTitle "IM"]
[WhiteElo "2402"]
[BlackElo "2392"]
[WhiteTeam "Australia"]
[BlackTeam "Portugal"]
[WhiteFideId "3204731"]
[BlackFideId "1900404"]
[EventDate "2014.08.02"]

1. Nf3 Nf6 2. c4 g6 3. Nc3 Bg7 4. g3 O-O 5. Bg2 d5 6. cxd5 Nxd5 7. O-O c5 8.
Nxd5 Qxd5 9. d3 Nc6 10. Be3 Qd6 11. Rc1 Nd4 12. Nxd4 cxd4 13. Bf4 Qb6 14. Qa4
Qxb2 15. Rb1 Qxe2 16. Rfe1 Qh5 17. Rxe7 Bf5 18. Rbxb7 g5 19. Bd6 Rac8 20. Re1
Rfd8 21. Be7 Re8 22. Bc6 Bh3 23. Bxe8 Qf3 24. Bc6 Rxc6 25. Rb8+ Bc8 26. Ba3 h5
27. Re8+ Kh7 28. Rbxc8 Rf6 29. Qc2 h4 30. Qe2 Qb7 31. Qh5+ Rh6 32. Rh8+ Bxh8 33.
Rxh8+ Kxh8 34. Qxh6+ 1-0

[Event "Olimpiade 2014 - Open"]
[Site "Tromsø"]
[Date "11.08.2014"]
[Round "9.34"]
[Board "4"]
[White "Santos, Hugo Lima"]
[Black "Smirnov, Anton"]
[Result "1/2-1/2"]
[BlackTitle "FM"]
[WhiteElo "2266"]
[BlackElo "2334"]
[WhiteTeam "Portugal"]
[BlackTeam "Australia"]
[WhiteFideId "1913026"]
[BlackFideId "3208923"]
[EventDate "2014.08.02"]

1. e4 c5 2. Nc3 Nc6 3. g3 g6 4. Bg2 Bg7 5. d3 d6 6. Be3 e6 7. Qd2 Rb8 8. Nge2
Nd4 9. O-O Ne7 10. Bh6 Nxe2+ 11. Nxe2 O-O 12. Bxg7 Kxg7 13. d4 e5 14. dxe5 dxe5
15. Qc3 Qc7 16. Nf4 b6 17. Nd5 Nxd5 18. exd5 Ba6 19. Rfd1 Qd6 20. f4 Rbe8 21.
Re1 f6 22. fxe5 Rxe5 23. Rxe5 Qxe5 24. Qxe5 fxe5 25. Re1 Kf6 26. Re3 Bc8 27.
Rf3+ Ke7 28. d6+ Ke8 29. Rxf8+ Kxf8 30. c3 Kf7 31. Bd5+ Kf6 32. a3 Be6 33. Bc6
Bf5 34. Bd5 e4 35. Bc6 e3 1/2-1/2

[Event "Olimpiade 2014 - Open"]
[Site "Tromsø"]
[Date "11.08.2014"]
[Round "9.35"]
[Board "2"]
[White "Cubas, Jose Fernando"]
[Black "Tissir, Mohamed"]
[Result "1-0"]
[WhiteTitle "GM"]
[BlackTitle "IM"]
[WhiteElo "2455"]
[BlackElo "2366"]
[WhiteTeam "Paraguay"]
[BlackTeam "Morocco"]
[WhiteFideId "3700267"]
[BlackFideId "9000240"]
[EventDate "2014.08.02"]

1. e4 c5 2. Nc3 a6 3. g3 b5 4. Bg2 Bb7 5. d3 e6 6. f4 Nf6 7. Nf3 d5 8. e5 d4 9.
exf6 dxc3 10. bxc3 Qxf6 11. O-O Bd6 12. f5 O-O 13. fxe6 Qxc3 14. Bd2 Qf6 15. c3
Qe7 16. exf7+ Rxf7 17. Ng5 Rxf1+ 18. Qxf1 Ra7 19. Bxb7 Rxb7 20. Qf5 g6 21. Qc8+
Kg7 22. Ne6+ 1-0

[Event "Olimpiade 2014 - Open"]
[Site "Tromsø"]
[Date "11.08.2014"]
[Round "9.35"]
[Board "3"]
[White "Onkoud, Abdelaziz"]
[Black "Vazquez, Guillermo"]
[Result "0-1"]
[WhiteTitle "IM"]
[BlackTitle "FM"]
[WhiteElo "2383"]
[BlackElo "2323"]
[WhiteTeam "Morocco"]
[BlackTeam "Paraguay"]
[WhiteFideId "9000283"]
[BlackFideId "3702308"]
[EventDate "2014.08.02"]

1. d4 Nf6 2. Nf3 e6 3. Bf4 d5 4. e3 c5 5. Nbd2 Nc6 6. c3 Bd6 7. Bg3 O-O 8. Bd3
b6 9. Ne5 Bb7 10. f4 Ne7 11. Qf3 Ne8 12. Bh4 f6 13. Qh3 g6 14. Nef3 Bc8 15. g4
Nc6 16. a3 Nc7 17. Qg2 Qe8 18. O-O-O c4 19. Bc2 b5 20. Bg3 a5 21. f5 e5 22. dxe5
fxe5 23. e4 d4 24. cxd4 c3 25. Bb3+ Kh8 26. Nb1 a4 27. dxe5 axb3 28. Rxd6 b4 29.
e6 Nb5 30. Rd5 bxa3 31. bxa3 Nxa3 32. Nxc3 Nc4 33. Qe2 Ra1+ 34. Nb1 Ba6 35. Qd3
b2+ 36. Kd1 Na3 37. Qc3+ Kg8 38. Rd7 Rxb1+ 39. Kd2 Nc4+ 40. Kc2 Qxd7 41. Kxb1
Qe7 42. Rd1 Rd8 43. Rd5 Ra8 44. Nd2 Qb4 45. Qxb4 Nxb4 46. Rd7 Nxd2+ 47. Rxd2 Nd3
48. f6 Bc4 49. Rxd3 Bxd3+ 50. Kxb2 Ra6 51. e7 Kf7 52. e5 Rc6 53. g5 Bf5 54. Kb3
Bd7 55. Kb4 Be8 56. h4 Ke6 57. Bh2 Rc2 58. Bg3 Rg2 59. Be1 Kxe5 60. Kc5 Rc2+ 61.
Kb6 Kf5 62. Kb7 Bf7 63. Ba5 Kg4 64. Bd8 Kxh4 65. Kb6 Re2 66. Kc6 Kxg5 67. Kd6
Kf5 0-1

[Event "Olimpiade 2014 - Open"]
[Site "Tromsø"]
[Date "11.08.2014"]
[Round "9.35"]
[Board "4"]
[White "Latorre, Matias"]
[Black "Hifad, Rachid"]
[Result "1-0"]
[WhiteTitle "FM"]
[BlackTitle "IM"]
[WhiteElo "2277"]
[BlackElo "2311"]
[WhiteTeam "Paraguay"]
[BlackTeam "Morocco"]
[WhiteFideId "3701107"]
[BlackFideId "9000623"]
[EventDate "2014.08.02"]

1. Nf3 d5 2. c4 dxc4 3. e3 Nf6 4. Bxc4 e6 5. O-O c5 6. Qe2 a6 7. Rd1 Nc6 8. d4
b5 9. d5 exd5 10. Bxd5 Qc7 11. e4 Be7 12. Bf4 Qb6 13. Ne5 Nxd5 14. exd5 Nxe5 15.
Bxe5 O-O 16. Bxg7 Kxg7 17. Qxe7 Ra7 18. Qe3 Qd6 19. Nc3 Bf5 20. b4 Rc7 21. Qg5+
Qg6 22. Qf4 Rfc8 23. d6 cxb4 24. dxc7 bxc3 25. Rac1 b4 26. Rd5 Qh6 27. Rxf5 Qxf4
28. Rxf4 a5 29. Rc4 Kf6 30. Kf1 Ke7 31. Rd1 h6 32. Ke2 Ke8 33. Re4+ 1-0

[Event "Olimpiade 2014 - Open"]
[Site "Tromsø"]
[Date "11.08.2014"]
[Round "9.36"]
[Board "1"]
[White "Vasquez Schroeder, Rodrigo"]
[Black "Djukic, Nikola"]
[Result "1/2-1/2"]
[WhiteTitle "GM"]
[BlackTitle "GM"]
[WhiteElo "2533"]
[BlackElo "2521"]
[WhiteTeam "Chile"]
[BlackTeam "Montenegro"]
[WhiteFideId "3400042"]
[BlackFideId "922412"]
[EventDate "2014.08.02"]

1. d4 Nf6 2. c4 g6 3. Nf3 Bg7 4. g3 O-O 5. Bg2 d5 6. cxd5 Nxd5 7. O-O Nb6 8. Nc3
Nc6 9. e3 Re8 10. Nh4 e5 11. d5 Na5 12. Rb1 Nac4 13. e4 c6 14. b3 Nd6 15. dxc6
bxc6 16. Qe2 Be6 17. Ba3 Re7 18. Rfd1 Rd7 19. Bf3 Bf8 20. Bg4 Bxg4 21. Qxg4 Nb5
22. Nxb5 cxb5 23. Bxf8 Kxf8 24. Rbc1 Rc8 25. Rxc8 Qxc8 26. Rxd7 Qxd7 27. Qe2 Qc6
28. Nf3 Nd7 29. Qe3 a6 30. b4 Kg7 31. a3 Qc7 32. h3 Qc6 33. Qd3 Qe6 34. Qc3 Qxh3
35. Nxe5 Nxe5 36. Qxe5+ Kg8 37. Qd5 Qc8 38. Kg2 h5 1/2-1/2

[Event "Olimpiade 2014 - Open"]
[Site "Tromsø"]
[Date "11.08.2014"]
[Round "9.36"]
[Board "2"]
[White "Drasko, Milan"]
[Black "Flores Rios, Mauricio"]
[Result "1/2-1/2"]
[WhiteTitle "GM"]
[BlackTitle "GM"]
[WhiteElo "2437"]
[BlackElo "2537"]
[WhiteTeam "Montenegro"]
[BlackTeam "Chile"]
[WhiteFideId "900397"]
[BlackFideId "3408027"]
[EventDate "2014.08.02"]

1. Nf3 Nf6 2. g3 g6 3. Bg2 Bg7 4. d4 d5 5. O-O O-O 6. c4 c6 7. b3 dxc4 8. bxc4
c5 9. Bb2 Qb6 10. Qb3 Ne4 11. e3 Nc6 12. Ne5 Nd6 13. Nxc6 bxc6 14. dxc5 Qxc5 15.
Bxg7 Kxg7 16. Nd2 Be6 17. Rfc1 Rfc8 18. Qb2+ Kg8 19. Nb3 Qb4 20. c5 Ne8 21. Qe5
Bxb3 22. Rab1 Qa5 23. Rxb3 Qc7 24. Qxc7 Rxc7 25. Rcb1 Nf6 26. Ra3 Nd7 27. Ra5
Kf8 28. Rb4 Rb8 29. a3 Ke8 30. Kf1 Kd8 31. Ke2 Rb5 32. Rbxb5 cxb5 33. c6 Nb8 34.
Rxb5 Nxc6 35. g4 Kd7 36. g5 f6 37. f4 fxg5 38. Rxg5 e5 39. Bxc6+ Rxc6 40. Rxe5
Ra6 41. Rd5+ Ke6 42. Rd3 Ra4 43. Kf3 h6 44. e4 Kf6 45. Rc3 Ke6 46. h4 h5 47. Re3
Kf6 48. Rc3 Ke6 49. Ke3 Kf6 50. Rc6+ Kf7 51. e5 a5 52. Rf6+ Kg7 53. Rd6 Rxa3+
54. Rd3 1/2-1/2